Derivát piperidinylmetyloxazolidinónu, spôsob jeho prípravy, farmaceutický prostriedok, ktorý ho obsahuje, a použitie. C07D 401/06

Bibliographic Details
Main Author: Prücher, Helmut (Author)
Format: Book
Language:Undetermined
PhysicalDescription:5 s.
Published: Banská Bystrica Úrad priemyselného vlastníctva SR 2001

MARC

LEADER 00000nam a2200000 a 4500
001 vtls001424713
003 SK-MaSNL
005 20260302001738.0
008 240318sm y0 xo 0 und
035 |a SNK000379595 
040 |a SNK  |b slo  |c SNK  |e AACR2 
044 |a xo  |c SK 
100 1 |a Prücher, Helmut  |4 aut  |9 586852 
245 1 0 |a Derivát piperidinylmetyloxazolidinónu, spôsob jeho prípravy, farmaceutický prostriedok, ktorý ho obsahuje, a použitie. C07D 401/06 
260 |a Banská Bystrica  |b Úrad priemyselného vlastníctva SR  |c 2001 
300 |c 5 s. 
999 |c 985103  |d 987033 
952 |t P60, <04>, [BOOK], {604}  |a SNK  |b SNK  |y VYP  |7 0  |p 17A0322606  |o snkSK 281914  |i snkPS 1233/2001  |0 0  |1 0  |4 0  |d 2001-11-20  |l 0  |r 2005-01-02 00:00:00  |w 2026-02-24